[Event "BCF-chT3S 1314 (4NCL)"]
[Site "England"]
[Date "2013.11.17"]
[Round "2.140"]
[White "Terry, Sean"]
[Black "Hardy, Roger"]
[Result "1/2-1/2"]
[WhiteElo "1924"]
[BlackElo "1953"]
[PlyCount "40"]
[EventDate "2013.11.16"]
[EventType "team-swiss"]
[EventRounds "6"]
[EventCountry "ENG"]
[SourceTitle "CBM 157 Extra"]
[Source "ChessBase"]
[SourceDate "2013.12.19"]
[SourceVersion "1"]
[SourceVersionDate "2013.12.19"]
[SourceQuality "1"]
[WhiteTeam "Oxford II"]
[BlackTeam "Bristol II"]
[WhiteTeamCountry "ENG"]
[BlackTeamCountry "ENG"]

1. d4 Nf6 2. Nf3 g6 3. g3 d5 4. Bg2 Bg7 5. 0-0 0-0 6. c3 c6 7. Nbd2 Bf5 8. Re1 Ne4 9. Nh4 Nd7 10. Nxf5 gxf5 11. Nf1 e6 12. f3 Nd6 13. Kh1 c5 14. e3 Rc8 15. b3 cxd4 16. cxd4 Qb6 17. Qd3 Rc6 18. Ba3 Rfc8 19. Bxd6 Rxd6 20. Rec1 Rdc6 1/2-1/2

[Event "Sunningdale e2e4 op U2000 07"]
[Site "Sunningdale"]
[Date "2013.07.06"]
[Round "3"]
[White "Norman, Dinah M"]
[Black "Hardy, Roger"]
[Result "0-1"]
[WhiteElo "1817"]
[BlackElo "1952"]
[PlyCount "76"]
[EventDate "2013.07.05"]
[EventType "swiss"]
[EventRounds "7"]
[EventCountry "ENG"]
[SourceTitle "EXT 2014"]
[Source "ChessBase"]
[SourceDate "2013.11.20"]
[SourceVersion "1"]
[SourceVersionDate "2013.11.20"]
[SourceQuality "1"]

1. d4 Nf6 2. Nf3 g6 3. Bf4 Bg7 4. e3 0-0 5. Bc4 d6 6. h3 c6 7. a4 Nbd7 8. c3 Re8 9. 0-0 Qb6 10. Qb3 Qxb3 11. Bxb3 h6 12. a5 e5 13. Bh2 Nh7 14. Na3 e4 15. Nd2 d5 16. Bd1 b5 17. b4 a6 18. Be2 f5 19. Nc2 Nhf8 20. Nb3 Nf6 21. Nc5 g5 22. Rfe1 Ng6 23. Bf1 f4 24. Rac1 Ra7 25. Na1 Bf8 26. Nab3 Bd6 27. Rc2 Ne7 28. Ra2 Nf5 29. Rb2 Rf7 30. Ra2 Ref8 31. Rb2 Nh5 32. Rbb1 fxe3 33. fxe3 Bxh2+ 34. Kxh2 Nxe3 35. Rxe3 Rxf1 36. Rxf1 Rxf1 37. Re2 Nf4 38. Rc2 e3 0-1

[Event "Torquay e2e4 op"]
[Site "Torquay"]
[Date "2013.02.10"]
[Round "4"]
[White "Hardy, Roger"]
[Black "Wells, Jonathan C"]
[Result "0-1"]
[WhiteElo "1962"]
[BlackElo "2024"]
[PlyCount "42"]
[EventDate "2013.02.08"]
[EventType "swiss"]
[EventRounds "5"]
[EventCountry "ENG"]
[SourceTitle "CBM 152 Extra"]
[Source "ChessBase"]
[SourceDate "2013.02.25"]
[SourceVersion "1"]
[SourceVersionDate "2013.02.25"]
[SourceQuality "1"]

1. d4 Nf6 2. c4 g6 3. Nc3 d5 4. Qb3 dxc4 5. Qxc4 Bg7 6. Nf3 0-0 7. e4 Nc6 8. h3 Nd7 9. Be3 Nb6 10. Qc5 Qd6 11. Qxd6 cxd6 12. Rc1 f5 13. d5 Bxc3+ 14. Rxc3 fxe4 15. Ng5 Nxd5 16. Rb3 Nxe3 17. fxe3 d5 18. h4 h6 19. Nh3 Bxh3 20. Rxh3 Rab8 21. Be2 Ne5 0-1

[Event "Torquay e2e4 op"]
[Site "Torquay"]
[Date "2013.02.08"]
[Round "1"]
[White "Ledger, Dave J"]
[Black "Hardy, Roger"]
[Result "1-0"]
[WhiteElo "2254"]
[BlackElo "1962"]
[PlyCount "59"]
[EventDate "2013.02.08"]
[EventType "swiss"]
[EventRounds "5"]
[EventCountry "ENG"]
[SourceTitle "CBM 152 Extra"]
[Source "ChessBase"]
[SourceDate "2013.02.25"]
[SourceVersion "1"]
[SourceVersionDate "2013.02.25"]
[SourceQuality "1"]

1. e4 c6 2. d4 d5 3. e5 Bf5 4. Nf3 e6 5. Nbd2 c5 6. dxc5 Bxc5 7. Nb3 Bb6 8. Bg5 Qc7 9. Rc1 h6 10. Bh4 Nc6 11. Bb5 Bg4 12. 0-0 g5 13. Bg3 Nge7 14. c4 dxc4 15. Rxc4 Rd8 16. Qe2 Bf5 17. Nbd4 0-0 18. Nxf5 Nxf5 19. Bxc6 bxc6 20. Rfc1 Rd5 21. Rg4 Nd4 22. Nxd4 Rxd4 23. h4 Rxg4 24. Qxg4 Qe7 25. Rxc6 Kh7 26. Rc4 Rd8 27. hxg5 Qxg5 28. Qf3 Rd7 29. Rg4 Qe7 30. Bh4 1-0

[Event "BCF-chT3 1112 (4NCL)"]
[Site "England"]
[Date "2012.05.07"]
[Round "9.115"]
[White "Donaghay, Richard H"]
[Black "Hardy, Roger"]
[Result "1-0"]
[WhiteElo "1990"]
[BlackElo "1988"]
[PlyCount "51"]
[EventDate "2011.11.12"]
[EventType "team-swiss"]
[EventRounds "11"]
[EventCountry "ENG"]
[SourceTitle "EXT 2013"]
[Source "ChessBase"]
[SourceDate "2012.11.22"]
[SourceVersion "1"]
[SourceVersionDate "2012.11.22"]
[SourceQuality "1"]
[WhiteTeam "Iceni"]
[BlackTeam "Bristol II"]
[WhiteTeamCountry "ENG"]
[BlackTeamCountry "ENG"]

1. e4 c6 2. d4 d5 3. e5 Bf5 4. Nf3 e6 5. Be2 c5 6. c3 Nd7 7. 0-0 Ne7 8. Re1 Nc6 9. Nbd2 cxd4 10. Nxd4 Nxd4 11. cxd4 Be7 12. Qb3 Qb6 13. Bb5 0-0-0 14. Nf3 Kb8 15. Qa4 Nf8 16. Bd2 a6 17. Bf1 Qxb2 18. Rac1 Ng6 19. Re3 Nh4 20. Rb3 Nxf3+ 21. gxf3 Qxd2 22. Rxb7+ Kxb7 23. Qxa6+ Kb8 24. Qb6+ Ka8 25. Rc7 Qxa2 26. Qb7# 1-0

[Event "Sunningdale e2e4 Major"]
[Site "Sunningdale"]
[Date "2011.09.16"]
[Round "1"]
[White "Sandercock, E Barry"]
[Black "Hardy, Roger"]
[Result "1/2-1/2"]
[WhiteElo "1826"]
[BlackElo "1984"]
[PlyCount "134"]
[EventDate "2011.09.16"]
[EventType "swiss"]
[EventRounds "5"]
[EventCountry "ENG"]
[SourceTitle "EXT 2023"]
[Source "ChessBase"]
[SourceDate "2022.10.05"]
[SourceVersion "1"]
[SourceVersionDate "2022.10.05"]
[SourceQuality "1"]

1. Nf3 Nf6 2. d4 g6 3. b3 Bg7 4. Bb2 0-0 5. Nbd2 c5 6. e3 cxd4 7. exd4 Nc6 8. Be2 d6 9. 0-0 Bg4 10. h3 Bd7 11. c4 d5 12. c5 b6 13. a3 bxc5 14. dxc5 Qc7 15. b4 a6 16. Nb3 e5 17. b5 axb5 18. Bxb5 d4 19. Re1 Nd5 20. Rc1 Nf4 21. Re4 Bh6 22. Rc4 Rad8 23. Re1 Bg7 24. Ra4 Be6 25. Bc4 Bxc4 26. Rxc4 f6 27. Bc1 Nd5 28. Bd2 Rb8 29. Ra4 Ra8 30. Nc1 Qb7 31. Rxa8 Rxa8 32. Qb3 Qxb3 33. Nxb3 Rxa3 34. Nc1 Ndb4 35. Bxb4 Nxb4 36. Nd2 Nd3 37. Nxd3 Rxd3 38. Ne4 Ra3 39. c6 Ra7 40. Rb1 Rc7 41. Rb8+ Bf8 42. Nxf6+ Kf7 43. Nd7 Bd6 44. Rb7 Ke7 45. Nc5 Ke8 46. Rb8+ Ke7 47. Rb7 Kd8 48. Ne6+ Kc8 49. Nxc7 Bxc7 50. Kf1 e4 51. Ke2 h6 52. g3 h5 53. f4 h4 54. g4 Bxf4 55. Re7 d3+ 56. Kf1 e3 57. Ke1 g5 58. Kd1 e2+ 59. Ke1 Bg3+ 60. Kd2 e1Q+ 61. Rxe1 Bxe1+ 62. Kxe1 Kc7 63. Kd2 Kxc6 64. Kxd3 Kd5 65. Ke3 Ke5 66. Kf3 Kd4 67. Kf2 Ke4 1/2-1/2

[Event "BCF-chT3 0809 (4NCL)"]
[Site "Hinckley Island"]
[Date "2009.03.21"]
[Round "7.4"]
[White "Adebajo, Olufemi"]
[Black "Hardy, Roger"]
[Result "1/2-1/2"]
[WhiteElo "2019"]
[BlackElo "2024"]
[PlyCount "48"]
[EventDate "2008.10.18"]
[EventType "team-swiss"]
[EventRounds "11"]
[EventCountry "ENG"]
[SourceTitle "EXT 2010"]
[Source "ChessBase"]
[SourceDate "2010.11.25"]
[SourceVersion "1"]
[SourceVersionDate "2010.11.25"]
[SourceQuality "1"]
[WhiteTeam "FCA Solutions II"]
[BlackTeam "Bristol II"]
[WhiteTeamCountry "ENG"]
[BlackTeamCountry "ENG"]

1. e4 c6 2. d3 d5 3. Nd2 dxe4 4. dxe4 Nf6 5. Ngf3 Bg4 6. Bc4 e6 7. 0-0 Nbd7 8. Qe1 Qc7 9. c3 Bxf3 10. Nxf3 Ne5 11. Nxe5 Qxe5 12. Bd3 Bc5 13. Qe2 0-0 14. Kh1 Rfd8 15. Bc2 a5 16. f4 Qh5 17. Qxh5 Nxh5 18. f5 e5 19. Bg5 f6 20. Bb3+ Kf8 21. Bc1 Nf4 22. Bxf4 exf4 23. Rad1 Rxd1 24. Rxd1 Ke7 1/2-1/2

[Event "BCF-chT4 0708 (4NCL)"]
[Site "England"]
[Date "2008.05.04"]
[Round "10.1"]
[White "Hardy, Roger"]
[Black "Mapletoft, Alexander J"]
[Result "1-0"]
[WhiteElo "2024"]
[BlackElo "1865"]
[PlyCount "57"]
[EventDate "2007.09.15"]
[EventType "team-swiss"]
[EventRounds "11"]
[EventCountry "ENG"]
[SourceTitle "EXT 2009"]
[Source "ChessBase"]
[SourceDate "2008.11.26"]
[SourceVersion "1"]
[SourceVersionDate "2008.11.26"]
[SourceQuality "1"]
[WhiteTeam "Grendel's Mother"]
[BlackTeam "Littlehorpe II"]
[WhiteTeamCountry "ENG"]
[BlackTeamCountry "ENG"]

1. g3 e5 2. Bg2 Nf6 3. c4 d5 4. cxd5 Nxd5 5. Nc3 Be6 6. Nf3 Nc6 7. Qa4 f6 8. Nxd5 Bxd5 9. 0-0 Bc5 10. d3 Bb6 11. Bd2 Qd7 12. Rfd1 0-0-0 13. Rac1 g5 14. Bc3 h5 15. Nd2 Bxg2 16. Kxg2 h4 17. g4 h3+ 18. Kf1 f5 19. Nc4 fxg4 20. Nxb6+ cxb6 21. Bxe5 Rhe8 22. Bg3 Qe6 23. e4 a6 24. Qb4 Rxd3 25. Rxd3 b5 26. Qd6 Qxd6 27. Rxd6 Rxe4 28. Re1 Rxe1+ 29. Kxe1 1-0

[Event "BCF-chT4 0708 (4NCL)"]
[Site "England"]
[Date "2007.11.25"]
[Round "4.6"]
[White "Szymanski, Mark"]
[Black "Hardy, Roger"]
[Result "1-0"]
[WhiteElo "2015"]
[BlackElo "2026"]
[PlyCount "77"]
[EventDate "2007.09.15"]
[EventType "team-swiss"]
[EventRounds "11"]
[EventCountry "ENG"]
[SourceTitle "EXT 2009"]
[Source "ChessBase"]
[SourceDate "2008.11.26"]
[SourceVersion "1"]
[SourceVersionDate "2008.11.26"]
[SourceQuality "1"]
[WhiteTeam "Anglian Avengers II"]
[BlackTeam "Grendel's Mother"]
[WhiteTeamCountry "ENG"]
[BlackTeamCountry "ENG"]

1. e4 c6 2. d4 d5 3. exd5 cxd5 4. c4 Nf6 5. Nc3 Nc6 6. c5 g6 7. Bb5 Bg7 8. Bxc6+ bxc6 9. Bf4 0-0 10. Nf3 Bg4 11. 0-0 Ne4 12. Qd3 Nxc3 13. Qxc3 Bxf3 14. gxf3 a5 15. a4 Ra7 16. Rfe1 Rb7 17. Be5 f6 18. Bg3 Re8 19. Re6 Qd7 20. Rae1 Kf7 21. Qxa5 Rxb2 22. Qc3 Qb7 23. Rxc6 Qxc6 24. Qxb2 Qxa4 25. Qb6 e5 26. Qb7+ Re7 27. Qxd5+ Kf8 28. Qd8+ Re8 29. Qd6+ Kf7 30. Qd5+ Kf8 31. dxe5 fxe5 32. c6 Qd4 33. Qxd4 exd4 34. Rb1 Rc8 35. c7 Ke8 36. Rb4 Kd7 37. Rc4 Ke6 38. Rc6+ Kd5 39. Rd6+ 1-0

[Event "BCF-chT4 0708 (4NCL)"]
[Site "England"]
[Date "2007.11.24"]
[Round "3.6"]
[White "Hardy, Roger"]
[Black "Woods, Timothy J"]
[Result "1/2-1/2"]
[WhiteElo "2026"]
[BlackElo "1940"]
[PlyCount "64"]
[EventDate "2007.09.15"]
[EventType "team-swiss"]
[EventRounds "11"]
[EventCountry "ENG"]
[SourceTitle "EXT 2009"]
[Source "ChessBase"]
[SourceDate "2008.11.26"]
[SourceVersion "1"]
[SourceVersionDate "2008.11.26"]
[SourceQuality "1"]
[WhiteTeam "Grendel's Mother"]
[BlackTeam "Sussex Smart Controls"]
[WhiteTeamCountry "ENG"]
[BlackTeamCountry "ENG"]

1. g3 g6 2. c4 Bg7 3. Bg2 d6 4. Nf3 e5 5. d3 Nc6 6. Nc3 f5 7. 0-0 Nf6 8. e4 0-0 9. a3 a5 10. Rb1 h6 11. Nh4 Ne7 12. exf5 gxf5 13. f4 c6 14. Qe2 Qc7 15. c5 dxc5 16. fxe5 Ng4 17. h3 Nxe5 18. Bf4 Qd6 19. Rbd1 Qd4+ 20. Be3 Qd6 21. Na4 Nd7 22. Kh2 b5 23. Bf4 Qf6 24. Nc3 Ne5 25. Nxb5 Ba6 26. Nc7 Bxd3 27. Bxe5 Qxe5 28. Qxe5 Bxe5 29. Nxa8 Bxf1 30. Rxf1 Rxa8 31. Nxf5 Nxf5 32. Rxf5 Bxb2 1/2-1/2

[Event "BCF-chT4 0506 (4NCL)"]
[Site "West Bromwich"]
[Date "2006.03.19"]
[Round "8.3"]
[White "Hardy, Roger"]
[Black "Hall, Daniel"]
[Result "0-1"]
[WhiteElo "2020"]
[BlackElo "2080"]
[PlyCount "48"]
[EventDate "2005.11.05"]
[EventType "team"]
[EventRounds "11"]
[EventCountry "ENG"]
[SourceTitle "CBM 109 Extra"]
[Source "ChessBase"]
[SourceDate "2006.01.03"]
[SourceVersion "2"]
[SourceVersionDate "2006.01.03"]
[SourceQuality "1"]
[WhiteTeam "Grendel's Mother"]
[BlackTeam "Brown Jack"]
[WhiteTeamCountry "ENG"]
[BlackTeamCountry "ENG"]

1. e4 c5 2. Nf3 e6 3. d4 cxd4 4. Nxd4 Nf6 5. Nc3 d6 6. g4 h6 7. Be3 a6 8. h3 b5 9. a3 Bb7 10. Bg2 Qc7 11. f4 e5 12. Nde2 Nbd7 13. f5 Nb6 14. Bxb6 Qxb6 15. Nd5 Nxd5 16. exd5 Be7 17. Qd3 Bh4+ 18. Kd1 Rc8 19. Kc1 a5 20. Nc3 Ba6 21. Bf1 0-0 22. Ne4 b4 23. Qxa6 Qe3+ 24. Nd2 Qe1# 0-1

[Event "BCF-chT4b 0405 (4NCL)"]
[Site "Telford"]
[Date "2005.05.29"]
[Round "10.3"]
[White "Hardy, Roger"]
[Black "Hamilton, Robert"]
[Result "1/2-1/2"]
[WhiteElo "2030"]
[BlackElo "1970"]
[PlyCount "83"]
[EventDate "2004.11.06"]
[EventType "team"]
[EventRounds "11"]
[EventCountry "ENG"]
[SourceTitle "EXT 2006"]
[Source "ChessBase"]
[SourceDate "2005.11.24"]
[SourceVersion "1"]
[SourceVersionDate "2005.11.24"]
[SourceQuality "1"]
[WhiteTeam "Grendel's Mother"]
[BlackTeam "Addlestone"]
[WhiteTeamCountry "ENG"]
[BlackTeamCountry "ENG"]

1. e4 c5 2. Nf3 d6 3. Bb5+ Bd7 4. Bxd7+ Qxd7 5. 0-0 Nc6 6. c3 Nf6 7. Re1 e6 8. d4 cxd4 9. cxd4 d5 10. e5 Ne4 11. Re2 Rc8 12. Nbd2 Nxd2 13. Bxd2 Be7 14. Bc3 0-0 15. Qd2 Ra8 16. Ne1 a5 17. a4 Nb4 18. Nd3 Nxd3 19. Qxd3 Rfc8 20. f4 Bb4 21. Rc2 Be7 22. g4 g6 23. f5 exf5 24. gxf5 Ra6 25. e6 Qc6 26. exf7+ Kxf7 27. Rf1 Kg7 28. fxg6 hxg6 29. Rcf2 Rf8 30. Rxf8 Bxf8 31. Qf3 Qe8 32. Qxd5 Qe7 33. Qf3 Kg8 34. d5 Bh6 35. Re1 Qd8 36. Qh3 Bg7 37. Bxg7 Kxg7 38. Qc3+ Kg8 39. Qe3 Qd6 40. Rd1 Qd7 41. Rd4 Qd8 42. Rd2 1/2-1/2

[Event "BCF-chT4b 0405 (4NCL)"]
[Site "Telford"]
[Date "2005.02.27"]
[Round "6.4"]
[White "Hardy, Roger"]
[Black "Djabri, Zafer M"]
[Result "0-1"]
[WhiteElo "2030"]
[BlackElo "2072"]
[PlyCount "94"]
[EventDate "2004.11.06"]
[EventType "team"]
[EventRounds "11"]
[EventCountry "ENG"]
[SourceTitle "EXT 2006"]
[Source "ChessBase"]
[SourceDate "2005.11.24"]
[SourceVersion "1"]
[SourceVersionDate "2005.11.24"]
[SourceQuality "1"]
[WhiteTeam "Grendel's Mother"]
[BlackTeam "Metropolitan"]
[WhiteTeamCountry "ENG"]
[BlackTeamCountry "ENG"]

1. e4 c5 2. Nf3 Nc6 3. d4 cxd4 4. Nxd4 Nf6 5. Nc3 e6 6. Nb3 Bb4 7. Bd3 d5 8. exd5 exd5 9. 0-0 0-0 10. Nb5 Bg4 11. f3 Bh5 12. c3 Be7 13. Bf4 a6 14. N5d4 Bg6 15. Kh1 Nh5 16. Nxc6 bxc6 17. Be3 Bd6 18. g3 Bxg3 19. hxg3 Nxg3+ 20. Kg2 Nxf1 21. Qxf1 Re8 22. Bf4 Qf6 23. Bg3 Re3 24. Bxg6 Qxg6 25. Re1 Qc2+ 26. Qf2 Qxf2+ 27. Kxf2 Rxe1 28. Kxe1 f6 29. Kf2 Kf7 30. Nc5 g5 31. a4 f5 32. Bd6 h5 33. a5 Kf6 34. Nd3 h4 35. Nb4 Ke6 36. Bc5 Kd7 37. Nd3 Re8 38. Bd4 Kd6 39. Bf6 Rg8 40. b4 Ke6 41. Bd4 Ra8 42. Kg2 g4 43. f4 Re8 44. Nc5+ Kd6 45. Nxa6 Re2+ 46. Kf1 Ra2 47. Nc5 h3 0-1

[Event "BCF-chT4 0304 (4NCL)"]
[Site "West Bromwich "]
[Date "2004.03.28"]
[Round "6.2"]
[White "Armstrong, William G"]
[Black "Hardy, Roger"]
[Result "0-1"]
[WhiteElo "1720"]
[BlackElo "2022"]
[PlyCount "74"]
[EventDate "2003.10.??"]
[EventType "team"]
[EventRounds "11"]
[EventCountry "ENG"]
[SourceTitle "EXT 2005"]
[Source "ChessBase"]
[SourceDate "2004.11.15"]
[SourceVersion "1"]
[SourceVersionDate "2004.11.15"]
[SourceQuality "1"]
[WhiteTeam "Braille Chess Association"]
[BlackTeam "Grendel's Mother"]
[WhiteTeamCountry "ENG"]
[BlackTeamCountry "ENG"]

1. d4 Nf6 2. Nf3 g6 3. Bf4 Bg7 4. Nc3 c5 5. e3 cxd4 6. exd4 d6 7. Bd3 0-0 8. Qd2 Qa5 9. Bh6 Nc6 10. Bxg7 Kxg7 11. a3 Bg4 12. Be2 Rac8 13. 0-0 a6 14. b4 Qc7 15. Nd1 e5 16. d5 Ne7 17. c4 Bxf3 18. gxf3 Nh5 19. Ne3 Nf4 20. Rac1 Qd7 21. Ng2 Nxe2+ 22. Qxe2 Nf5 23. f4 Nd4 24. Qd1 f6 25. fxe5 fxe5 26. f4 Qh3 27. a4 g5 28. Kh1 g4 29. Qd2 Nf3 30. Rxf3 gxf3 31. Ne3 Rxf4 32. Rg1+ Kh8 33. Qf2 Rg8 34. Rxg8+ Kxg8 35. Qg1+ Kh8 36. Qg5 Rf8 37. Qe7 Qh6 0-1